[Event "IND-ch U09 37th"]
[Site "Pune"]
[Date "2024.12.29"]
[Round "4"]
[White "Tari, Vihaan"]
[Black "Muhammad Shayan, Noushad Ibrahim"]
[Result "0-1"]
[WhiteElo "1544"]
[BlackElo "1716"]
[PlyCount "72"]
[EventDate "2024.12.27"]
[EventType "swiss"]
[EventRounds "11"]
[EventCountry "IND"]
[SourceTitle "CB02_2025"]
[SourceDate "2025.01.08"]
[SourceVersion "1"]
[SourceVersionDate "2025.01.08"]
[SourceQuality "1"]

1. e4 c5 2. Nf3 d6 3. d4 cxd4 4. Nxd4 Nf6 5. Nc3 a6 6. Be3 e5 7. Nb3 Be6 8. Be2 b5 9. 0-0 Be7 10. f3 Nbd7 11. Qd2 0-0 12. Rad1 b4 13. Nd5 Bxd5 14. exd5 Nb6 15. Bxb6 Qxb6+ 16. Kh1 a5 17. c4 Nd7 18. f4 a4 19. Nc1 e4 20. Rfe1 f5 21. Bf1 Nf6 22. h3 Nh5 23. Qe3 Qxe3 24. Rxe3 Nxf4 25. Ne2 Nd3 26. Kg1 Nxb2 27. Rc1 Bg5 28. Rg3 Bxc1 29. Nxc1 Rac8 30. Re3 Nxc4 31. Re1 Nb6 32. Rd1 Nxd5 33. Rxd5 Rxc1 34. Rxd6 e3 35. Re6 b3 36. axb3 axb3 0-1

[Event "GEO World Cup Final U10"]
[Site "Batumi"]
[Date "2024.07.02"]
[Round "3"]
[White "Obado, Sean Adrich"]
[Black "Muhammad Shayan, Noushad Ibrahim"]
[Result "1/2-1/2"]
[WhiteElo "1627"]
[BlackElo "1826"]
[PlyCount "110"]
[EventDate "2024.07.01"]
[EventType "match"]
[EventRounds "5"]
[EventCountry "GEO"]
[SourceTitle "EXT 2025"]
[Source "ChessBase"]
[SourceDate "2024.10.14"]
[SourceVersion "1"]
[SourceVersionDate "2024.10.14"]
[SourceQuality "1"]

1. e4 c5 2. c3 d5 3. exd5 Qxd5 4. Nf3 Nc6 5. d4 Bg4 6. Be2 e6 7. Be3 cxd4 8. cxd4 Nf6 9. 0-0 Be7 10. Nc3 Qa5 11. h3 Bf5 12. a3 Rc8 13. Bd3 Bxd3 14. Qxd3 0-0 15. Rfd1 Rfd8 16. Qe2 Nd5 17. Nxd5 Rxd5 18. Rd3 Rcd8 19. Rad1 h6 20. Qd2 Qb6 21. b4 Bf6 22. Qc3 Qb5 23. R3d2 R8d7 24. Qc2 Qb6 25. Qc3 Qd8 26. Qb2 Kh7 27. Qc2+ g6 28. Qb2 Bg7 29. b5 Ne7 30. Ne5 Bxe5 31. dxe5 Qa5 32. Rxd5 Rxd5 33. Rxd5 Nxd5 34. Qc1 Nxe3 35. Qxe3 b6 36. Qf3 Kg8 37. Qf6 Qxa3 38. Qd8+ Kg7 39. Qf6+ Kg8 40. Qd8+ Qf8 41. Qc7 Qa8 42. Qc6 Qb8 43. Qc3 h5 44. Qd4 Qc7 45. Kh2 Kg7 46. f4 Kg8 47. Qd3 Qc5 48. Qf1 Qd5 49. Qe2 Qd4 50. Qf1 Qe4 51. Kh1 Qd4 52. Kh2 Kf8 53. Kh1 Kg8 54. Kh2 g5 55. fxg5 Qc5 1/2-1/2

[Event "GEO World Cup-B U10"]
[Site "Batumi"]
[Date "2024.06.26"]
[Round "4"]
[White "Muhammad Shayan, Noushad Ibrahim"]
[Black "Bergmann, Rafael Antonio"]
[Result "1/2-1/2"]
[WhiteElo "1785"]
[BlackElo "1743"]
[PlyCount "63"]
[EventDate "2024.06.23"]
[EventType "swiss"]
[EventRounds "7"]
[EventCountry "GEO"]
[SourceTitle "EXT 2025"]
[Source "ChessBase"]
[SourceDate "2024.10.14"]
[SourceVersion "1"]
[SourceVersionDate "2024.10.14"]
[SourceQuality "1"]

1. e4 e5 2. Nf3 Nc6 3. c3 d6 4. d4 Bg4 5. d5 Nce7 6. Be2 Nf6 7. Be3 Qd7 8. Nbd2 h6 9. Qb3 c6 10. 0-0-0 Qc7 11. dxc6 bxc6 12. Qa4 Bd7 13. Rhe1 Rb8 14. Ba6 d5 15. Bc5 Ng6 16. Bxf8 Kxf8 17. Qa3+ Kg8 18. Qc5 Rb6 19. Bf1 Qb8 20. b3 Bg4 21. exd5 cxd5 22. h3 Be6 23. g4 Nd7 24. Qa5 Rc6 25. Kb2 Rc5 26. Qa6 Qc7 27. Rc1 Ra5 28. Qd3 e4 29. Qc2 exf3 30. b4 Qd8 31. Ka1 Rb5 32. Bxb5 1/2-1/2

[Event "Asia-ch U08"]
[Site "Al Ain"]
[Date "2023.12.20"]
[Round "8"]
[White "Arkak, Mohammad Taha"]
[Black "Muhammad Shayan, Noushad Ibrahim"]
[Result "1-0"]
[WhiteElo "1423"]
[BlackElo "1618"]
[PlyCount "129"]
[EventDate "2023.12.14"]
[EventType "swiss"]
[EventRounds "9"]
[EventCountry "UAE"]
[SourceTitle "EXT 2025"]
[Source "ChessBase"]
[SourceDate "2024.10.14"]
[SourceVersion "1"]
[SourceVersionDate "2024.10.14"]
[SourceQuality "1"]

1. e4 c6 2. d4 d5 3. exd5 cxd5 4. Bd3 Nc6 5. c3 Nf6 6. Bf4 Bg4 7. Qb3 Qb6 8. Qxb6 axb6 9. h3 Bh5 10. Na3 Na7 11. Bc7 Nd7 12. Nb5 Nxb5 13. Bxb5 e6 14. g4 Bg6 15. Nf3 f6 16. 0-0 Be7 17. a4 Bd8 18. Bh2 Ke7 19. Ne1 Rc8 20. Ng2 Bf7 21. Rae1 Bc7 22. f4 Rhd8 23. Ne3 Kf8 24. Bd3 Kg8 25. Nc2 Nf8 26. f5 Bxh2+ 27. Kxh2 Re8 28. Na3 Rcd8 29. Nb5 e5 30. dxe5 fxe5 31. f6 gxf6 32. Rxf6 e4 33. Bb1 Nd7 34. Rf4 Ne5 35. Nd4 Ra8 36. Bc2 Bg6 37. Ref1 Rad8 38. Kg3 Nc4 39. Rf6 Ne3 40. Re1 Nc4 41. h4 Nd6 42. Bb3 Bf7 43. Nc2 Kg7 44. g5 e3 45. Kg2 Ne4 46. Rxb6 Nc5 47. Ba2 e2 48. Nd4 Nd3 49. Rxe2 Nf4+ 50. Kf2 Nxe2 51. Nxe2 Rf8 52. Rxb7 Kg8 53. Kg3 Rde8 54. Nd4 Re3+ 55. Kg2 Ra8 56. Rxf7 Re5 57. Rf5 Rxf5 58. Nxf5 Kf8 59. b3 Rc8 60. c4 dxc4 61. bxc4 Rd8 62. Kf3 Rd3+ 63. Ne3 Ra3 64. Bb1 Rxa4 65. Bxh7 1-0

[Event "Asia-ch U08"]
[Site "Al Ain"]
[Date "2023.12.18"]
[Round "6"]
[White "Salohiddinov, Sarvar"]
[Black "Muhammad Shayan, Noushad Ibrahim"]
[Result "0-1"]
[WhiteElo "1215"]
[BlackElo "1618"]
[PlyCount "120"]
[EventDate "2023.12.14"]
[EventType "swiss"]
[EventRounds "9"]
[EventCountry "UAE"]
[SourceTitle "EXT 2025"]
[Source "ChessBase"]
[SourceDate "2024.10.14"]
[SourceVersion "1"]
[SourceVersionDate "2024.10.14"]
[SourceQuality "1"]

1. e4 c6 2. Nf3 d5 3. d3 dxe4 4. dxe4 Qxd1+ 5. Kxd1 Bg4 6. Be2 Nd7 7. Nfd2 Bxe2+ 8. Kxe2 0-0-0 9. a4 e5 10. Na3 Bd6 11. Nac4 Bc7 12. Nf1 Ngf6 13. f3 Nc5 14. b4 Ne6 15. c3 Rd7 16. g3 Rhd8 17. Nfe3 Rd3 18. Bd2 b5 19. axb5 cxb5 20. Rxa7 bxc4 21. Nxc4 g5 22. Rha1 g4 23. Ra8+ Bb8 24. R1a7 gxf3+ 25. Kf1 Nd7 26. b5 Rxd2 27. Nxd2 Nb6 28. Nxf3 Nxa8 29. Rxa8 Kb7 30. Ra3 Kb6 31. c4 Rc8 32. Ra8 Kb7 33. Ra4 Nc5 34. Rb4 Nxe4 35. Ke2 Bd6 36. c5 Nxc5 37. Rh4 Rc7 38. Rxh7 Ne6 39. Ke3 Rc3+ 40. Ke2 Rxf3 41. Kxf3 Ng5+ 42. Ke3 Nxh7 43. h4 f5 44. h5 Nf6 45. h6 Ng4+ 46. Kf3 Nxh6 47. Ke3 e4 48. Kf2 Ng4+ 49. Kg2 e3 50. Kf1 Bxg3 51. Ke2 f4 52. b6 Kxb6 53. Kd3 f3 54. Ke4 f2 55. Kf3 f1Q+ 56. Kxg4 e2 57. Kxg3 e1Q+ 58. Kg4 Qe6+ 59. Kg5 Qff5+ 60. Kh4 Qg4# 0-1

[Event "Asia-ch U08"]
[Site "Al Ain"]
[Date "2023.12.17"]
[Round "5"]
[White "Muhammad Shayan, Noushad Ibrahim"]
[Black "Le, Phan Hoang Quan"]
[Result "0-1"]
[WhiteElo "1618"]
[BlackElo "1552"]
[PlyCount "128"]
[EventDate "2023.12.14"]
[EventType "swiss"]
[EventRounds "9"]
[EventCountry "UAE"]
[SourceTitle "EXT 2025"]
[Source "ChessBase"]
[SourceDate "2024.10.14"]
[SourceVersion "1"]
[SourceVersionDate "2024.10.14"]
[SourceQuality "1"]

1. e4 c6 2. d4 d5 3. exd5 cxd5 4. Bd3 Nc6 5. c3 Nf6 6. Bf4 e6 7. Nf3 Bd6 8. Bxd6 Qxd6 9. 0-0 0-0 10. Re1 a6 11. Ne5 b5 12. f4 Bb7 13. Re3 Ne7 14. Nd2 Nf5 15. Rh3 Ne4 16. g4 Ne7 17. g5 f6 18. gxf6 Rxf6 19. Bxe4 dxe4 20. Qh5 h6 21. Rg3 Nf5 22. Ng4 Rf7 23. Ne5 Rc7 24. Rg6 Nxd4 25. Rd1 Nf3+ 26. Nexf3 exf3 27. Qg4 Rf8 28. Rxh6 Rxf4 29. Qxe6+ Qxe6 30. Rxe6 Rg4+ 31. Kf1 Rg2 32. Re3 Rxh2 33. Nxf3 Bxf3 34. Rd8+ Kh7 35. Rxf3 Rxb2 36. Rh3+ Kg6 37. Rg3+ Kf7 38. Rf3+ Ke7 39. Rg8 Kd6 40. Rg3 Rxa2 41. R8xg7 Rxg7 42. Rxg7 Kc5 43. Ke1 Kc4 44. Rg3 Rc2 45. Rg6 Rxc3 46. Kd2 Ra3 47. Rg4+ Kc5 48. Rg5+ Kb6 49. Kc2 Ka5 50. Kb2 Ka4 51. Rg6 a5 52. Rc6 b4 53. Rc5 Rh3 54. Rc2 Rb3+ 55. Ka2 Rc3 56. Rg2 b3+ 57. Kb2 Kb4 58. Rg4+ Rc4 59. Rg2 a4 60. Rh2 a3+ 61. Kb1 a2+ 62. Kb2 Rc2+ 63. Rxc2 bxc2 64. Kxa2 Kc3 0-1

[Event "World Amateur-ch U1700"]
[Site "Muscat"]
[Date "2023.11.10"]
[Round "9.9"]
[White "Al Balushi, Emad"]
[Black "Muhammad Shayan, Noushad Ibrahim"]
[Result "1/2-1/2"]
[WhiteElo "1591"]
[BlackElo "1420"]
[PlyCount "65"]
[EventDate "2023.11.02"]
[EventType "swiss"]
[EventRounds "9"]
[EventCountry "OMN"]
[SourceTitle "CBM 217 Extra"]
[Source "ChessBase"]
[SourceDate "2024.01.31"]
[SourceVersion "1"]
[SourceVersionDate "2024.01.31"]
[SourceQuality "1"]

1. c4 c6 2. g3 d5 3. cxd5 cxd5 4. d4 Nc6 5. Nf3 Nf6 6. Bg2 g6 7. 0-0 Bg7 8. Nc3 0-0 9. Re1 Re8 10. a3 e6 11. Bg5 h6 12. Bc1 Ne4 13. e3 Nxc3 14. bxc3 Na5 15. Nd2 e5 16. Nb3 Nxb3 17. Qxb3 Be6 18. Qxb7 Qa5 19. Qb4 Qc7 20. a4 Rab8 21. Qa3 Bf8 22. Qa2 Qxc3 23. Bd2 Qc7 24. Bxd5 Bxd5 25. Qxd5 Qc2 26. Ra2 Qd3 27. Ba5 Bg7 28. Rd2 Qa3 29. Bc7 Qc3 30. Ba5 Qa3 31. Bc7 Qc3 32. Ba5 Qa3 33. Bc7 1/2-1/2

[Event "World Amateur-ch U1700"]
[Site "Muscat"]
[Date "2023.11.09"]
[Round "8.4"]
[White "Muhammad Shayan, Noushad Ibrahim"]
[Black "Inyushkin, Sergei"]
[Result "1/2-1/2"]
[WhiteElo "1420"]
[BlackElo "1699"]
[PlyCount "105"]
[EventDate "2023.11.02"]
[EventType "swiss"]
[EventRounds "9"]
[EventCountry "OMN"]
[SourceTitle "CBM 217 Extra"]
[Source "ChessBase"]
[SourceDate "2024.01.31"]
[SourceVersion "1"]
[SourceVersionDate "2024.01.31"]
[SourceQuality "1"]

1. e4 c6 2. d4 d5 3. exd5 cxd5 4. Bd3 Nc6 5. c3 Qc7 6. h3 g6 7. Ne2 Bf5 8. Bxf5 gxf5 9. Bf4 Qd7 10. Nd2 e6 11. Nf3 Bd6 12. 0-0 Nf6 13. Ne5 Qc7 14. Re1 Nd7 15. Ng3 Ncxe5 16. dxe5 Nxe5 17. Qd4 f6 18. Nh5 0-0 19. Nxf6+ Rxf6 20. Bxe5 Bxe5 21. Rxe5 Kf7 22. Rae1 a6 23. Qh4 h6 24. Qh5+ Ke7 25. Rxf5 Raf8 26. Rxf6 Rxf6 27. Qxd5 Qb6 28. Qd2 Rg6 29. Qc2 Kf7 30. Re3 Kg7 31. Qd2 Qc6 32. Qd4+ Kh7 33. Qe4 Qxe4 34. Rxe4 Rf6 35. Rd4 Rf7 36. Rd6 Re7 37. f3 Kg6 38. Kf2 Kf5 39. Ke3 h5 40. Rd8 h4 41. Rh8 Rg7 42. Rh5+ Kf6 43. Kf2 Rd7 44. Rh6+ Kf5 45. Ke3 Rg7 46. Rxh4 Rxg2 47. Rb4 b5 48. a3 e5 49. b3 Rc2 50. h4 Rxc3+ 51. Kf2 Rc2+ 52. Kg3 Rc3 53. Kf2 1/2-1/2

[Event "Wch U10 blitz"]
[Site "Batumi"]
[Date "2023.06.11"]
[Round "8"]
[White "Muhammad Shayan, Noushad Ibrahim"]
[Black "Kakavand, Ramtin1"]
[Result "1-0"]
[WhiteElo "1377"]
[BlackElo "2009"]
[PlyCount "208"]
[EventDate "2023.06.10"]
[EventType "swiss (blitz)"]
[EventRounds "11"]
[EventCountry "GEO"]
[SourceTitle "EXT 2024"]
[Source "ChessBase"]
[SourceDate "2023.10.10"]
[SourceVersion "1"]
[SourceVersionDate "2023.10.10"]
[SourceQuality "1"]
[WhiteTeam "Indien"]
[BlackTeam "Iran"]
[WhiteTeamCountry "IND"]
[BlackTeamCountry "IRI"]

1. d4 d5 2. Nf3 Nf6 3. e3 c5 4. Bd3 Nc6 5. b3 Bg4 6. 0-0 e6 7. Bb2 a6 8. Nbd2 cxd4 9. exd4 Nb4 10. Be2 Rc8 11. c4 Be7 12. h3 Bf5 13. Rc1 Nxa2 14. Ra1 Nb4 15. Nh4 Be4 16. Nxe4 Nxe4 17. Nf3 0-0 18. Nd2 Nxd2 19. Qxd2 Nc6 20. Bd3 Bf6 21. Rad1 g6 22. cxd5 exd5 23. Be2 Qb6 24. Ba3 Nxd4 25. Bxf8 Rxf8 26. Bf3 Nxf3+ 27. gxf3 d4 28. Qd3 Qd6 29. Rfe1 Rd8 30. Re4 Bg7 31. Rg4 f5 32. Rg2 Rc8 33. Kh1 Qf4 34. Rg3 Rc3 35. Qd2 Qe5 36. f4 Qd5+ 37. Kg1 Rxb3 38. Rxb3 Qxb3 39. Qd3 Qd5 40. Rb1 b5 41. Qb3 Qc4 42. Qa3 Qe6 43. Ra1 h6 44. Qxa6 Qc4 45. Rb1 Kh7 46. Qxb5 Qc7 47. Qd5 Qxf4 48. Rb7 Qg5+ 49. Kf1 Qc1+ 50. Ke2 Qc2+ 51. Kf1 d3 52. Rd7 Qc1+ 53. Kg2 Qg5+ 54. Kf1 Qf6 55. Qxd3 h5 56. Qd6 Qa1+ 57. Kg2 Qa8+ 58. Qd5 Qa1 59. Qf7 Qe5 60. Re7 Qd4 61. Re6 Qd5+ 62. Kf1 Qd3+ 63. Kg2 f4 64. Re7 Qd4 65. Kf3 Qc3+ 66. Kxf4 Qb4+ 67. Re4 Qd6+ 68. Kf3 Qd3+ 69. Re3 Qf1 70. Qf4 Qxh3+ 71. Ke4 Qe6+ 72. Kf3 Qc6+ 73. Qe4 Qc8 74. Qe6 Qf8+ 75. Kg2 Qc5 76. Rg3 Qc2 77. Qf7 Qe4+ 78. Qf3 Qe8 79. Qf4 Qa8+ 80. Qf3 Qa6 81. Qe4 Qf6 82. Rf3 Qb6 83. Qe7 Qb2 84. Qg5 Qe5 85. Qxe5 Bxe5 86. Rf7+ Kh6 87. Kh3 g5 88. Rf5 Bd4 89. f4 g4+ 90. Kg2 Be3 91. Rf6+ Kg7 92. Rf5 Kg6 93. Rg5+ Kh6 94. Rf5 h4 95. Rf6+ Kg7 96. Rf5 Kh6 97. Rf6+ Kh7 98. Rf5 h3+ 99. Kg3 Kh6 100. Kxg4 Bxf4 101. Rxf4 h2 102. Rf1 Kg6 103. Rh1 Kf6 104. Rxh2 Ke6 1-0

[Event "Wch U08 rapid"]
[Site "Batumi"]
[Date "2023.06.06"]
[Round "3"]
[White "Muhammad Shayan, Noushad Ibrahim"]
[Black "Kiladze, Giorgi"]
[Result "1-0"]
[WhiteElo "1396"]
[BlackElo "1195"]
[PlyCount "115"]
[EventDate "2023.06.06"]
[EventType "swiss (rapid)"]
[EventRounds "11"]
[EventCountry "GEO"]
[SourceTitle "EXT 2024"]
[Source "ChessBase"]
[SourceDate "2023.10.10"]
[SourceVersion "1"]
[SourceVersionDate "2023.10.10"]
[SourceQuality "1"]
[WhiteTeam "Indien"]
[BlackTeam "Georgia"]
[WhiteTeamCountry "IND"]
[BlackTeamCountry "GEO"]

1. e4 c5 2. c3 d5 3. exd5 Qxd5 4. d4 cxd4 5. cxd4 e5 6. Nf3 exd4 7. Qxd4 Qxd4 8. Nxd4 Bb4+ 9. Bd2 Bxd2+ 10. Nxd2 Bd7 11. Nb5 Bxb5 12. Bxb5+ Nc6 13. 0-0 Nge7 14. Ne4 0-0 15. Rad1 Rad8 16. Nd6 Rd7 17. Nf5 Rxd1 18. Nxe7+ Nxe7 19. Rxd1 a6 20. Be2 g6 21. Rd7 Re8 22. Rxb7 Nc6 23. Bxa6 Re1+ 24. Bf1 Nd4 25. f3 Ra1 26. a3 Nc2 27. Kf2 f5 28. Bc4+ Kh8 29. Rd7 Nxa3 30. bxa3 Rxa3 31. Kg3 g5 32. Rf7 Ra4 33. Be6 f4+ 34. Kg4 Ra5 35. Bf5 h5+ 36. Kxh5 g4 37. fxg4 Ra2 38. Kg6 Ra8 39. Rh7+ Kg8 40. Be6+ Kf8 41. Rh8+ Ke7 42. Rxa8 f3 43. Bd5 f2 44. Ra1 Kd6 45. Bf3 Ke5 46. Rf1 Kf4 47. Rxf2 Ke3 48. Re2+ Kd3 49. Kf6 Kc4 50. g5 Kc5 51. g6 Kc4 52. g7 Kb4 53. g8Q Kb5 54. Qb3+ Kc5 55. Re5+ Kd6 56. Qb6+ Kd7 57. Qc6+ Kd8 58. Re8# 1-0

[Event "Wch U10 rapid"]
[Site "Batumi"]
[Date "2023.06.06"]
[Round "2"]
[White "Muhammad Shayan, Noushad Ibrahim"]
[Black "Rahbar, Aihan"]
[Result "1-0"]
[WhiteElo "1462"]
[BlackElo "1865"]
[PlyCount "57"]
[EventDate "2023.06.06"]
[EventType "swiss (rapid)"]
[EventRounds "11"]
[EventCountry "GEO"]
[SourceTitle "EXT 2024"]
[Source "ChessBase"]
[SourceDate "2023.10.10"]
[SourceVersion "1"]
[SourceVersionDate "2023.10.10"]
[SourceQuality "1"]
[WhiteTeam "Indien"]
[BlackTeam "Iran"]
[WhiteTeamCountry "IND"]
[BlackTeamCountry "IRI"]

1. e4 c5 2. Nf3 g6 3. c3 Bg7 4. d4 cxd4 5. cxd4 d5 6. exd5 Nf6 7. Bb5+ Bd7 8. Bxd7+ Nbxd7 9. d6 0-0 10. 0-0 exd6 11. Nc3 d5 12. Bf4 Nb6 13. Rc1 Ne4 14. Nd2 Nxc3 15. bxc3 Rc8 16. Qb3 Qd7 17. Rfe1 Rfe8 18. Be5 Bh6 19. f4 f6 20. Ne4 Rc6 21. Nxf6+ Rxf6 22. Bxf6 Bxf4 23. Rxe8+ Qxe8 24. Rf1 Bd2 25. Be5 Bh6 26. Qb4 Nc4 27. Qxb7 Nxe5 28. dxe5 Qxe5 29. Qc8+ 1-0